<?xml version="1.0" encoding="UTF-8"?>
<record
    xmlns:xsi="http://www.w3.org/2001/XMLSchema-instance"
    xsi:schemaLocation="http://www.loc.gov/MARC21/slim http://www.loc.gov/standards/marcxml/schema/MARC21slim.xsd"
    xmlns="http://www.loc.gov/MARC21/slim">

  <leader>00432nam a22001577a 4500</leader>
  <controlfield tag="005">20250822113519.0</controlfield>
  <datafield tag="082" ind1=" " ind2=" ">
    <subfield code="a">543 HOO</subfield>
  </datafield>
  <datafield tag="100" ind1=" " ind2=" ">
    <subfield code="a">Hoole,D</subfield>
    <subfield code="9">718</subfield>
  </datafield>
  <datafield tag="245" ind1=" " ind2=" ">
    <subfield code="a">Analytical Chemistry -Part III</subfield>
  </datafield>
  <datafield tag="260" ind1=" " ind2=" ">
    <subfield code="a">Colombo</subfield>
    <subfield code="b">Open University</subfield>
    <subfield code="c">1997</subfield>
  </datafield>
  <datafield tag="300" ind1=" " ind2=" ">
    <subfield code="a">32p</subfield>
  </datafield>
  <datafield tag="490" ind1=" " ind2=" ">
    <subfield code="a">Course of study Leading - CHU 2125</subfield>
  </datafield>
  <datafield tag="505" ind1=" " ind2=" ">
    <subfield code="a">Bachelor Science :Level 4</subfield>
  </datafield>
  <datafield tag="650" ind1=" " ind2=" ">
    <subfield code="a"> chemistry</subfield>
    <subfield code="a">analytical  chemistry</subfield>
    <subfield code="a"> Open University</subfield>
    <subfield code="9">719</subfield>
  </datafield>
  <datafield tag="942" ind1=" " ind2=" ">
    <subfield code="c">BK</subfield>
  </datafield>
  <datafield tag="999" ind1=" " ind2=" ">
    <subfield code="c">451</subfield>
    <subfield code="d">451</subfield>
  </datafield>
  <datafield tag="952" ind1=" " ind2=" ">
    <subfield code="0">0</subfield>
    <subfield code="1">0</subfield>
    <subfield code="7">0</subfield>
    <subfield code="8">NFIC</subfield>
    <subfield code="a">IC</subfield>
    <subfield code="b">IC</subfield>
    <subfield code="c">GEN</subfield>
    <subfield code="d">2015-03-11</subfield>
    <subfield code="g">595.00</subfield>
    <subfield code="l">1</subfield>
    <subfield code="o">543 HOO</subfield>
    <subfield code="p">004387</subfield>
    <subfield code="r">2022-11-17 00:00:00</subfield>
    <subfield code="s">2015-09-27</subfield>
    <subfield code="w">2015-03-11</subfield>
    <subfield code="y">BK</subfield>
  </datafield>
  <datafield tag="952" ind1=" " ind2=" ">
    <subfield code="0">0</subfield>
    <subfield code="1">0</subfield>
    <subfield code="7">0</subfield>
    <subfield code="8">NFIC</subfield>
    <subfield code="a">IC</subfield>
    <subfield code="b">IC</subfield>
    <subfield code="c">GEN</subfield>
    <subfield code="d">2015-03-11</subfield>
    <subfield code="g">595.00</subfield>
    <subfield code="l">7</subfield>
    <subfield code="o">543 HOO</subfield>
    <subfield code="p">004388</subfield>
    <subfield code="r">2022-11-17 00:00:00</subfield>
    <subfield code="s">2018-10-01</subfield>
    <subfield code="w">2015-03-11</subfield>
    <subfield code="y">BK</subfield>
  </datafield>
  <datafield tag="952" ind1=" " ind2=" ">
    <subfield code="0">0</subfield>
    <subfield code="1">0</subfield>
    <subfield code="7">0</subfield>
    <subfield code="8">NFIC</subfield>
    <subfield code="a">IC</subfield>
    <subfield code="b">IC</subfield>
    <subfield code="c">GEN</subfield>
    <subfield code="d">2015-03-11</subfield>
    <subfield code="g">595.00</subfield>
    <subfield code="l">12</subfield>
    <subfield code="o">543 HOO</subfield>
    <subfield code="p">002162</subfield>
    <subfield code="r">2024-05-13 12:28:30</subfield>
    <subfield code="s">2024-04-29</subfield>
    <subfield code="w">2015-03-11</subfield>
    <subfield code="y">BK</subfield>
  </datafield>
</record>
